00861nam a2200241 i 4500003000900000005001700009007000300026008004100029020001800070040003000088082000700118100005400125245008400179264008200263300002800345336002700373337003300400338002800433490001000461500007400471504003200545700004200577DO-SdBNP20250120125838.0ta240209b |||||||| |||| 00| 0 eng d a9789945643855 aDO-SdBNPbspacBNPHUerda 42221 aGil, Domingo A.q(Domingo Antonio),d1953-eautor13aLa constitución material :cDomingo Gil ; corrección, Eduardo Díaz Guerra aSanto Domingo :bTribunal Constitucional de la República Dominicana,c2023. a129 páginas ;c23 cm. 2rdacontentatextobtxt 2rdamediaasin mediaciónbn 2rdacarrieravolumenbnc aIUDEX aIncluye referencias bibliográficas y notas al ppie de las páginas aBibliografía : p. 125-1291 aDíaz Guerra, Eduardo,ecorrección